header

Health care reform around the world (Record no. 22572)

MARC details
000 -LEADER
fixed length control field 01148nam a22002894a 4500
082 04 - DEWEY DECIMAL CLASSIFICATION NUMBER
Classification number 362.1
245 00 - TITLE STATEMENT
Title Health care reform around the world
260 ## - PUBLICATION, DISTRIBUTION, ETC. (IMPRINT)
Place of publication Westport, Conn. :
Name of publisher Auburn House,
Year of publication 2002.
300 ## - PHYSICAL DESCRIPTION
Number of Pages xiii, 419 p. :
Other physical details ill.
650 #0 - SUBJECT ADDED ENTRY--TOPICAL TERM
Topical Term Health care reform
700 1# - ADDED ENTRY--PERSONAL NAME
Personal name Twaddle, Andrew C.,
856 40 - ELECTRONIC LOCATION AND ACCESS
Uniform Resource Identifier http://site.ebrary.com/lib/rucke/Doc?id=10023314

No items available.

© 2026 Rongo University
Contact us: librarian | system librarian | Rongo university